000 00943nam a2200241 i 4500
001 155571
003 ES-MaACL
005 20260616130213.0
008 040722s1771 xxk |||| | eng d
040 _aCAM
_bspa
_cCAM
100 0 _aHomero
_964112
240 1 3 _aLa Odisea.
_lInglés
245 1 4 _aThe Odyssey of Homer
_b: volume the fourth /
_ctranslated by Alexander Pope.
260 _aLondon :
_bprinted for J. Whiston, Baker and Leigh ...,
_c1771.
300 _a[2], 316, [14], 22 p. ;
_c8º.
505 8 _aLas [14] p. corresponden al Index y las 22 p. a "Homer's Battle of the frogs and mice / by Mr. Archdeacon Parnel; corrected by Mr. Pope"
594 _aEl traductor precede al número de volumen.
597 _aSign.: []1, B-Z8.
700 1 _aPope, Alexander,
_d1688-1744
_993082
740 0 1 _aBattle of the frogs and mice.
852 _aES-MaACL
_jR-1272-73(2)
_z-- Enc. tela
_xOlim: G-13281-82
999 _c155571
_d155571